[Event "118th SUI-ch 2018"]
[Site "Lenzerheide"]
[Date "2018.07.13"]
[Round "2"]
[White "Ekstroem, Roland"]
[Black "Bogner, Sebastian"]
[Result "0-1"]
[WhiteElo "2381"]
[BlackElo "2605"]
[Annotator "ChessBase"]
[PlyCount "152"]
[EventDate "2018.07.12"]
[EventType "tourn"]
[EventCountry "SUI"]
[SourceTitle "playchess.com"]
[Source "ChessBase"]
[SourceQuality "1"]
[TimeControl "40/5400+30:1800+30"]

1. d4 {[%emt 0:00:00]} Nf6 {[%emt 0:00:00]} 2. c4 {[%emt 0:00:02]} g6 {[%emt 0:00:00]} 3. Nc3 {[%emt 0:00:25]} Bg7 {[%emt 0:00:00]} 4. e4 {[%emt 0:03:48]} d6 {[%emt 0:00:04]} 5. Nf3 {[%emt 0:01:00]} O-O {[%emt 0:00:09]} 6. h3 {[%emt 0:00:43]} Na6 {[%emt 0:01:18]} 7. Be3 {[%emt 0:03:45]} c5 {[%emt 0:00:18]} 8. d5 {[%emt 0:02:49]} e6 {[%emt 0:03:35]} 9. Bd3 {[%emt 0:02:06]} exd5 {[%emt 0:01:33]} 10. exd5 {[%emt 0:01:01]} Nc7 {[%emt 0:04:28]} 11. O-O {[%emt 0:01:08]} b5 {[%emt 0:03:25]} 12. cxb5 {[%emt 0:09:07]} Ncxd5 {[%emt 0:02:04]} 13. Nxd5 {[%emt 0:02:12]} Nxd5 {[%emt 0:00:10]} 14. Bg5 {[%emt 0:00:28]} Nf6 {[%emt 0:00:48]} 15. Be4 {[%emt 0:05:49]} Rb8 {[%emt 0:02:03]} 16. Bc6 {[%emt 0:00:24]} Bb7 {[%emt 0:17:15]} 17. Bxb7 {[%emt 0:17:29]} Rxb7 {[%emt 0:00:31]} 18. a4 {[%emt 0:00:13]} d5 {[%emt 0:11:15]} 19. Rc1 {[%emt 0:10:03]} Qd6 {[%emt 0:02:23]} 20. b4 {[%emt 0:01:48]} cxb4 {[%emt 0:21:20]} 21. Rc6 {[%emt 0:00:31]} Qd8 {[%emt 0:00:02]} 22. Qb3 {[%emt 0:03:12]} h6 {[%emt 0:01:52]} 23. Be3 {[%emt 0:11:40]} Re8 {[%emt 0:00:22]} 24. Qxb4 {[%emt 0:01:37]} Ne4 {[%emt 0:01:17]} 25. Rfc1 {[%emt 0:02:07]} Qd7 {[%emt 0:03:31]} 26. Bd4 {[%emt 0:00:50]} Bf8 {[%emt 0:08:07]} 27. Qb3 {[%emt 0:01:45]} Qf5 {[%emt 0:02:06]} 28. Qd3 {[%emt 0:01:57]} Ng3 {[%emt 0:04:37]} 29. Qxf5 {[%emt 0:01:42]} Nxf5 {[%emt 0:00:07]} 30. Bf6 {[%emt 0:00:41]} Re4 {[%emt 0:02:15]} 31. Ra6 {[%emt 0:01:46]} Rb6 {[%emt 0:04:58]} 32. g4 {[%emt 0:01:36]} Rxa6 {[%emt 0:00:46]} 33. bxa6 {[%emt 0:00:06]} Re6 {[%emt 0:00:36]} 34. Bd8 {[%emt 0:02:19]} Ng7 {[%emt 0:01:23]} 35. Rc7 {[%emt 0:09:07]} Rxa6 {[%emt 0:00:33]} 36. Rd7 {[%emt 0:00:19]} Rd6 {[%emt 0:01:29]} 37. Ne5 {[%emt 0:01:11]} Ne6 {[%emt 0:00:43]} 38. Bf6 {[%emt 0:00:13]} Rxd7 {[%emt 0:00:23]} 39. Nxd7 {[%emt 0:00:02]} Bd6 {[%emt 0:00:57]} 40. Kf1 {[%emt 0:01:45]} Nc5 {[%emt 0:00:41]} 41. Nxc5 {[%emt 0:30:30]} Bxc5 {[%emt 0:30:04]} 42. Ke2 {[%emt 0:00:22]} Kf8 {[%emt 0:00:31]} 43. f4 {[%emt 0:00:00]} Ke8 {[%emt 0:00:00]} 44. f5 {[%emt 0:00:00]} gxf5 {[%emt 0:00:00]} 45. gxf5 {[%emt 0:00:00]} Kd7 {[%emt 0:00:00]} 46. Kd3 {[%emt 0:00:00]} h5 {[%emt 0:00:00]} 47. Be5 {[%emt 0:00:00]} Kc6 {[%emt 0:00:00]} 48. Bc3 {[%emt 0:00:00]} Kd6 {[%emt 0:00:00]} 49. Bf6 {[%emt 0:00:00]} Bf2 {[%emt 0:00:00]} 50. Bg7 {[%emt 0:00:00]} Bb6 {[%emt 0:00:00]} 51. Bf6 {[%emt 0:00:00]} Bg1 {[%emt 0:00:00]} 52. Bg7 {[%emt 0:00:00]} a6 {[%emt 0:00:00]} 53. Bf6 {[%emt 0:00:00]} Bh2 {[%emt 0:00:00]} 54. Bb2 {[%emt 0:00:00]} Bg3 {[%emt 0:00:00]} 55. Bc3 {[%emt 0:00:00]} Kc5 {[%emt 0:00:00]} 56. Bd2 {[%emt 0:00:00]} d4 {[%emt 0:00:00]} 57. Ba5 {[%emt 0:00:00]} Bf4 {[%emt 0:00:00]} 58. Ke4 {[%emt 0:00:00]} Bh2 {[%emt 0:00:00]} 59. Kd3 {[%emt 0:00:00]} Bg3 {[%emt 0:00:00]} 60. Bd8 {[%emt 0:00:00]} Kb4 {[%emt 0:01:35]} 61. a5 {[%emt 0:00:00]} Bf2 {[%emt 0:01:28]} 62. Bb6 {[%emt 0:00:00]} Kb5 {[%emt 0:00:09]} 63. Bxd4 {[%emt 0:05:02]} Be1 {[%emt 0:00:03]} 64. Ke4 {[%emt 0:00:57]} Bxa5 {[%emt 0:00:03]} 65. Ke5 {[%emt 0:01:36]} Kc4 {[%emt 0:02:37]} 66. Ba1 {[%emt 0:00:30]} Kd3 {[%emt 0:01:33]} 67. Kf6 {[%emt 0:01:19]} Ke4 {[%emt 0:00:07]} 68. Kg5 {[%emt 0:02:40]} Bd2+ {[%emt 0:00:26]} 69. Kxh5 {[%emt 0:00:40]} Kxf5 {[%emt 0:00:06]} 70. Kh4 {[%emt 0:00:24]} Be1+ {[%emt 0:00:06]} 71. Kh5 {[%emt 0:00:04]} Bd2 {[%emt 0:00:26]} 72. Kh4 {[%emt 0:00:09]} a5 {[%emt 0:00:50]} 73. Kg3 {[%emt 0:00:37]} a4 {[%emt 0:00:13]} 74. Bb2 {[%emt 0:00:07]} Bb4 {[%emt 0:00:15]} 75. Kf3 {[%emt 0:00:15]} a3 {[%emt 0:00:03]} 76. Bc1 {[%emt 0:00:09]} a2 {[%emt 0:00:05]} 0-1

[Event "118th SUI-ch 2018"]
[Site "Lenzerheide"]
[Date "2018.07.14"]
[Round "3"]
[White "Bogner, Sebastian"]
[Black "Georgiadis, Nico"]
[Result "0-1"]
[WhiteElo "2605"]
[BlackElo "2526"]
[Annotator "TA"]
[PlyCount "192"]
[EventDate "2018.07.12"]
[EventType "tourn"]
[EventCountry "SUI"]
[SourceTitle "playchess.com"]
[Source "ChessBase"]
[SourceQuality "1"]

{[%evp 16,192,2,10,46,32,37,33,36,34,31,26,37,32,33,34,43,28,46,30,34,37,37,29,37,41,48,31,31,0,37,11,6,10,37,28,109,64,60,7,15,0,46,0,0,0,0,0,0,0,0,-26,-50,-122,-127,-119,-110,-129,-129,-258,-257,-307,-314,-249,-124,-122,-121,-119,-115,-111,-100,-146,-146,-146,-146,-146,-147,-255,-245,-315,-310,-320,-313,-385,-391,-601,-601,-601,-601,-601,-601,-601,-601,-601,-601,-601,-601,-601,-601,-2513,-601,-601,-601,-601,-601,-601,0,-601,-601,-594,-594,-594,-8,-8,-8,-10,-9,-594,-594,-594,-594,-594,-593,-593,-593,-586,-586,-586,-586,-586,-585,-8366,-8311,-8311,-8311,-8311,-8304,-8304,-8304,-8304,-8304,-6721,-5457,-571,-571,-571,-571,-8301,-8276,-8276,-7589,-6909,-414,-400,-238,-238,-238,-7589,-7589,-7582,-238,-238,-238,-238,-238,-7512,-7501,-7487,-7479,-7472,-7472,-7458,-6916,-6909,-6909,-5645,-1471,-720,-710]} 1. d4 Nf6 2. c4 e6 3. g3 d5 4. Bg2 Bb4+ 5. Nd2 O-O 6. Ngf3 b6 7. O-O Bb7 8. b3 {E16: Damenindisch (Hauptfortsetzung mit Lb4)} c5 9. Bb2 {LiveBook: 11 Partien} dxc4 (9... Nbd7 10. a3 Bxd2 11. Nxd2 cxd4 12. Bxd4 Rc8 13. b4 Qe7 14. Rc1 Rfd8 15. Qb3 dxc4 16. Nxc4 Bxg2 17. Kxg2 {0-1 (55) Ding,L (2777)-Carlsen,M (2837) Riadh 2017}) 10. Nxc4 {Weiß steht etwas besser.} cxd4 $1 11. Nxd4 Bxg2 12. Kxg2 Qd5+ 13. f3 Rd8 14. e4 $146 ({Vorgänger:} 14. Qc2 Qb7 15. Rac1 Na6 {½-½ (30) Stojanovic,M (2300)-Sidorenko,A Szeged 1994}) 14... Qb7 {...Sc6 ist eine echte Drohung.} 15. Qe2 Nbd7 16. a3 Be7 17. Rac1 a6 18. Rc2 Rac8 19. Rfc1 h6 20. b4 Bf8 21. Ne3 Nb8 22. Nc4 Rc7 23. b5 axb5 $1 24. Nxb5 Rc5 25. a4 Be7 (25... Rc6 $11) 26. Qe3 Rc6 27. Bd4 (27. Nd4 $14 Rc7 28. Nb5) 27... Nfd7 $1 $11 28. h4 Rdc8 29. Rc3 {Droht stark Scd6!} Qa6 30. Ncd6 Bxd6 31. Nxd6 Rxc3 32. Rxc3 Rc6 33. Qf4 f6 34. Rxc6 (34. Ne8 $1 $15) 34... Nxc6 $17 35. Bf2 {Weiss will Dg4 spielen.} Nce5 36. Qd2 Qxa4 37. Nc8 (37. f4 $17 Nf7 38. Nxf7 Kxf7 39. Qe2) 37... Qb3 $19 38. Qe2 b5 $1 39. f4 Qc4 (39... Nd3 $19 {bietet bessere Gewinnchancen.} 40. Nd6 Nxf2 41. Kxf2 Nc5) 40. Qxc4 Nxc4 $17 {[%mdl 4096] Endspiel KLS-KSS} 41. Ne7+ Kf7 42. Nc6 e5 43. Be1 Nc5 $1 44. Kf3 h5 45. Bc3 Ke6 46. Na7 (46. fxe5 $17 {war angesagt.} fxe5 47. Nd8+ Kf6 48. Nc6) 46... Nd6 $19 47. fxe5 fxe5 ({Bloß nicht} 47... Ncxe4 48. Bb2 $17) 48. Nc6 Ncxe4 ({Finger weg von} 48... Ndxe4 49. Ba1 $19) 49. Bxe5 Kd5 50. Bxg7 (50. Bxd6 $142 Nxd6 51. Ne7+ Kc4 52. g4) 50... Kxc6 51. g4 Ne8 {zielt auf ...hxg4+ ab.} 52. Bh8 N4f6 53. gxh5 Nxh5 54. Bc3 Kd5 55. Kg4 Nef6+ 56. Kf5 Ne4 57. Be1 Neg3+ 58. Kg4 Ke4 59. Ba5 Ke3 60. Be1 Ke4 61. Ba5 $1 Kd3 62. Be1 Ke3 63. Ba5 Kf2 $2 ({Besser ist} 63... Kd4 $19 64. Bb4 Ke5) 64. Bc3 $11 Kg2 {Und weiter mit ...Kf2 wäre nett.} 65. Ba5 Nf6+ 66. Kg5 $2 {[%mdl 8192]} (66. Kf4 $11 {und Weiss steht sicher.}) 66... Ngh5 $1 $19 67. Kf5 Kf3 68. Kg5 Ke4 69. Bc3 Nd5 70. Ba5 Ndf4 71. Bd2 Ng7 72. Kg4 Ng6 73. Ba5 {und die Idee h5 ließe Weiss weiter hoffen.} Ne5+ 74. Kg5 Nf3+ 75. Kg4 Ne8 76. Bc3 Nd6 77. h5 Nf5 78. Ba5 Nh6+ 79. Kg3 Nd4 80. Bd2 Ndf5+ 81. Kf2 Ng4+ 82. Ke1 Kd3 83. Kd1 Nge3+ (83... Nfh6 $142 84. Bg5 Nf7) 84. Kc1 Ke2 (84... Nh6 $142 85. Bb4 Nf7) 85. Bc3 Kf3 {Und ...Kg4 würde nun gewinnen.} 86. Bg7 $2 (86. Bd2) 86... Ng4 87. Bf8 Ngh6 $2 (87... Ke4 88. Kb2 Nfe3) 88. Kc2 {[#]} Ke4 $1 89. Kc3 {[#]} Kd5 $1 90. Kb4 $2 (90. Ba3) 90... Kc6 {Schwarz steht klar auf Gewinn.} 91. Kc3 Nf7 92. Kd3 Kd5 93. Kc3 Nd4 94. Kb4 Kc6 95. Bg7 Ne6 96. Bc3 Nf4 {Precision: Weiß = 32%, Schwarz = 69%.} 0-1

[Event "118th SUI-ch 2018"]
[Site "Lenzerheide"]
[Date "2018.07.14"]
[Round "3"]
[White "Pelletier, Yannick"]
[Black "Ekstroem, Roland"]
[Result "0-1"]
[WhiteElo "2551"]
[BlackElo "2381"]
[Annotator "TA"]
[PlyCount "108"]
[EventDate "2018.07.12"]
[EventType "tourn"]
[EventCountry "SUI"]
[SourceTitle "playchess.com"]
[Source "ChessBase"]
[SourceQuality "1"]

{[%evp 14,108,37,14,14,12,2,0,0,0,8,0,0,0,6,-5,0,-31,-38,-27,0,-30,0,-23,0,0,0,-10,-12,0,0,0,14,8,16,13,8,0,13,11,16,0,0,0,3,-5,7,0,0,0,0,0,0,0,0,-2,0,-4,-2,-5,0,0,0,-15,0,-9,0,-12,0,0,0,-4,-8,-57,-62,-250,-277,-241,-257,-205,-163,-247,-258,-404,-408,-256,-289,-1043,-1044,-1582,-1194,-5085,-5081,-5114,-5085,-5057,-5057]} 1. d4 Nf6 2. Nf3 d5 3. Bf4 c5 4. e3 Nc6 5. Nbd2 Qb6 (5... cxd4 6. exd4 Bf5 7. c3 e6 8. Qb3 Bd6 9. Bg3 Bxg3 10. hxg3 Qd6 11. Qxb7 Rb8 12. Qa6 O-O {0-1 (36) Caruana,F (2816)-Grischuk,A (2766) Paris 2018}) 6. dxc5 {D02: 1 d4 d5 2 Nf3 sidelines, including 2...Nf6 3 g3 and 2...Nf6 3 Bf4} Qxc5 7. a3 Bg4 8. h3 {LiveBook: 3 Games. White is slightly better.} Bxf3 9. Nxf3 g6 $146 ({Predecessor:} 9... e6 10. Be2 Bd6 11. Bxd6 Qxd6 12. c4 O-O {½-½ (68) Ushenina,A (2416)-Cramling,P (2450) Riadh 2017}) 10. Be2 Bg7 11. O-O O-O 12. c3 Qb6 13. Rb1 Rfd8 14. Qa4 Rac8 15. Qb5 Qxb5 16. Bxb5 Na5 17. Rfd1 Nc4 18. Ne5 Nxe5 (18... Nb6 {is more complex.} 19. Be2 Ne4 20. Nf3 Nc4 21. g4 a6) 19. Bxe5 Ne4 20. Bxg7 Kxg7 21. Be2 e6 22. Rd4 Nf6 23. Rbd1 Re8 24. Ra4 a6 25. Rb4 Re7 26. a4 Rc5 27. Ra1 Rec7 28. a5 Ne4 29. Rb6 Kf8 30. Bd3 Nf6 31. Rb4 Ke7 32. f4 h5 33. Kf2 Ne8 34. e4 Nd6 35. exd5 Rxd5 36. Ke3 Nf5+ (36... g5 {with more complications.} 37. Be2 Nf5+ 38. Kf2 gxf4 39. Rxf4 Nd6) 37. Bxf5 gxf5 $11 {[%mdl 4096] Endgame KRR-KRR} 38. c4 Rdc5 39. Kd4 f6 {[%cal Bf7f6,Bf6e5,Be5e4,Be4e3,Be3e2][%mdl 32]} 40. Re1 Rxa5 41. Rb6 e5+ 42. fxe5 Rd7+ 43. Kc3 (43. Rd6 $5 Rxd6+ 44. exd6+ Kxd6 45. Re8 $11) 43... Rxe5 44. Rxe5+ $2 {[#]} ({Better is} 44. Rf1 $15) 44... fxe5 $15 {KR-KR} 45. Rh6 e4 46. Rxh5 Ke6 47. Rh6+ (47. g4 {keeps fighting.}) 47... Ke5 $19 48. Rg6 (48. c5 $142) 48... e3 {( -> ...e2)} 49. Rg8 {[#]} Kf4 $1 {And now ...Re7 would win.} 50. Re8 $2 (50. Kc2) 50... Rg7 {Black is clearly winning.} 51. g4 Kf3 ({Less strong is} 51... fxg4 52. hxg4 Kf3 53. g5 $17) 52. gxf5 e2 53. Kd4 Rd7+ 54. Kc5 Kf2 {Precision: White = 35%, Black = 53%.} 0-1

[Event "118th SUI-ch 2018"]
[Site "Lenzerheide"]
[Date "2018.07.14"]
[Round "3"]
[White "Studer, Noel"]
[Black "Gallagher, Joseph G"]
[Result "1/2-1/2"]
[WhiteElo "2484"]
[BlackElo "2434"]
[Annotator "TA"]
[PlyCount "108"]
[EventDate "2018.07.12"]
[EventType "tourn"]
[EventCountry "SUI"]
[SourceTitle "playchess.com"]
[Source "ChessBase"]
[SourceQuality "1"]

{[%evp 19,108,20,17,18,22,20,29,33,27,23,26,13,10,25,55,47,47,47,52,43,44,39,39,35,63,50,92,91,86,2,6,8,23,18,56,21,20,20,21,27,27,0,0,0,0,0,0,-41,-18,-18,-18,-18,-18,-18,-18,-18,-18,-18,-18,-18,-18,-18,-10,-10,0,0,0,0,0,0,0,0,0,0,0,0,0,0,0,0,0,0,0,0,0,0,0,0,0,0,0]} 1. d4 f5 2. g3 Nf6 3. Bg2 g6 4. Nf3 Bg7 5. O-O O-O 6. c4 d6 7. Nc3 e6 8. b3 Nc6 {A87: Dutch Defence: Leningrad System: 5 Nf3} (8... Ne4 9. Bb2 Nxc3 10. Bxc3 Qe7 11. Rc1 Nd7 12. c5 Nf6 13. Bb2 Bd7 14. cxd6 cxd6 15. Nd2 Rab8 16. Nc4 {½-½ (47) Sargissian,G (2672)-Williams,S (2453) London 2017}) 9. Bb2 e5 10. dxe5 dxe5 {[%cal Bd6e5,Be5e4][%mdl 32] LiveBook: 11 Games} 11. Nb5 {[#] Qxd8 is the strong threat.} e4 $146 ({Predecessor:} 11... Qxd1 12. Raxd1 Ne8 13. Ba3 e4 14. Nfd4 Rf6 15. Nxc6 bxc6 16. Rd8 {1-0 (48) Vasenina,A (2061)-Marczuk,A (1939) Porec 2015}) 12. Ng5 Ne8 13. Qxd8 Nxd8 14. Bxg7 Kxg7 15. f3 exf3 16. exf3 a6 17. Nc3 h6 18. Nh3 Nf6 19. Rad1 Re8 20. Nf4 Ne6 21. Nfd5 Nxd5 22. Nxd5 b5 23. c5 Ra7 {[#]} 24. b4 (24. Rfe1 $1 $16) 24... a5 25. a3 axb4 26. axb4 Ra2 27. Rfe1 Kf7 28. f4 {Black must now prevent Nc3.} Rd8 29. Bh1 Rb2 30. Ra1 Bb7 31. Red1 Ra8 32. Rxa8 Bxa8 33. Re1 Rd2 34. c6 $1 {The position is equal.} Bxc6 35. Nxc7 $1 Bxh1 36. Rxe6 $11 {[%mdl 4096] Endgame KRB-KRN} Rd1+ 37. Kf2 Rc1 38. Re1 Rxc7 39. Rxh1 {KR-KR} Rc2+ 40. Ke3 Rb2 41. Ra1 g5 42. Ra6 Rxb4 43. Rxh6 Re4+ 44. Kf2 gxf4 45. Rb6 b4 46. h4 {[%cal Bh2h4,Bh4h5,Bh5h6][%mdl 32]} fxg3+ 47. Kxg3 Rg4+ 48. Kh3 Rc4 49. h5 Kg7 50. h6+ Kh7 51. Kg3 Rg4+ 52. Kf3 Rh4 53. Kg3 Rc4 54. Kf3 Rg4 {Precision: White = 70%, Black = 57%.} 1/2-1/2

[Event "118th SUI-ch 2018"]
[Site "Lenzerheide"]
[Date "2018.07.14"]
[Round "3"]
[White "Kurmann, Oliver"]
[Black "Jenni, Florian"]
[Result "1/2-1/2"]
[WhiteElo "2451"]
[BlackElo "2447"]
[Annotator "TA"]
[PlyCount "63"]
[EventDate "2018.07.12"]
[EventType "tourn"]
[EventCountry "SUI"]
[SourceTitle "playchess.com"]
[Source "ChessBase"]
[SourceQuality "1"]

{[%evp 18,63,27,26,25,20,19,25,28,28,29,24,25,16,20,24,12,0,0,0,82,0,0,-15,0,0,33,0,0,0,0,0,0,0,0,0,0,0,0,0,0,-12,-3,-7,0,0,0,0]} 1. e4 e5 2. Nf3 Nc6 3. Bc4 Bc5 4. O-O Nf6 5. d3 a6 6. a4 {C50: Hungarian Defence and Giuoco Pianissimo} Ba7 7. c3 d6 8. Re1 h6 9. Nbd2 {[%cal Bb1d2,Bd2f1,Bf1e3,Be3g4][%mdl 32]} O-O 10. h3 {LiveBook: 115 Games} Nh5 11. Nf1 Qf6 12. Ne3 $146 Nf4 13. Ng4 Qg6 14. Bxf4 $1 exf4 15. d4 Bxg4 16. hxg4 Qxg4 17. Bb3 Ne7 18. Qd3 Ng6 (18... Qg6 $11) 19. Bc2 (19. e5 $16 {e6 is the strong threat.} dxe5 20. Nxe5 Nxe5 21. Rxe5) 19... Rfe8 $11 20. Re2 Re7 (20... Nf8 {feels hotter.} 21. Rae1 Rad8 22. b4 c6 23. d5 Qc8) 21. Rae1 Rae8 22. b4 {[%mdl 1024] White has compensation.} (22. e5 $5 {[%cal Re5d6]}) 22... Kf8 {The position is equal.} 23. Nh2 Qh5 24. Nf3 Qg4 25. Nh2 Qd7 26. b5 axb5 27. axb5 Bb6 28. Nf3 Qg4 29. Nh2 Qh5 30. Nf3 Qg4 31. Nh2 Qe6 32. Nf3 {Precision: White = 68%, Black = 59%.} 1/2-1/2

[Event "118th SUI-ch 2018"]
[Site "Lenzerheide"]
[Date "2018.07.14"]
[Round "3"]
[White "Gaehwiler, Gabriel"]
[Black "Baenziger, Fabian"]
[Result "1-0"]
[WhiteElo "2419"]
[BlackElo "2382"]
[Annotator "TA"]
[PlyCount "209"]
[EventDate "2018.07.12"]
[EventType "tourn"]
[EventCountry "SUI"]
[SourceTitle "playchess.com"]
[Source "ChessBase"]
[SourceQuality "1"]

{[%evp 27,209,39,29,37,38,31,22,0,0,15,28,14,16,22,16,2,0,0,25,21,36,23,27,13,14,1,29,37,41,7,7,-27,0,0,0,0,0,-19,-22,-27,0,0,0,0,0,0,0,0,0,0,0,16,0,0,0,0,57,57,57,57,57,57,57,57,57,57,57,57,57,57,57,57,57,57,57,57,57,57,57,57,57,57,57,57,57,57,57,57,57,57,57,57,57,57,57,57,57,57,57,57,57,57,57,57,57,57,57,57,57,57,57,57,57,57,57,57,57,57,57,57,57,57,57,57,57,57,57,57,57,57,57,57,57,57,57,57,57,57,57,57,57,0,57,57,57,57,57,57,57,57,57,57,57,0,57,0,966,61,4374,4133,4394,4132,4132,1521,1345,1345,4807,4773,4759,1350,1341,1341,1324,1257,1195,1190,959,906,830,807,761,760,637,637]} 1. d4 Nf6 2. c4 d6 3. Nc3 e5 4. Nf3 Nbd7 5. e4 g6 6. g3 Bg7 7. Bg2 O-O 8. O-O Re8 9. h3 exd4 10. Nxd4 Nc5 11. Re1 Bd7 12. b3 a5 13. Rb1 h6 14. Bb2 {E68: Königsindisch (Hauptvariante des g3-Systems mit e2-e4)} (14. Kh2 Re5 15. f4 Rh5 16. f5 gxf5 17. exf5 Bxf5 18. Nxf5 Rxf5 19. Qc2 Qd7 20. Bf4 Rh5 21. Nd5 Ng4+ {0-1 (34) Ding,L (2777)-Grischuk,A (2772) Huaian 2017}) 14... c6 {LiveBook: 3 Partien} 15. Qd2 Qb6 16. Ba1 {Weiß steht etwas besser.} Rad8 $146 ({Vorgänger:} 16... Re7 17. Kh2 Rae8 18. f3 Bc8 19. Rbd1 h5 20. Nc2 h4 21. g4 Nfd7 {1-0 (52) Ramnathan,B (2265)-Lahiri,A (2353) Bhiwani 2010}) 17. a3 Bc8 18. Qc2 Nh7 19. Nf3 Ng5 20. Nxg5 hxg5 21. b4 axb4 22. axb4 Ne6 23. Na4 Qc7 24. Bxg7 Kxg7 25. Qb2+ f6 26. Rbd1 Rh8 27. Rd2 Qe7 28. Red1 (28. Nb6 $5 {[%cal Re1d1]}) 28... Nc7 29. c5 {[%cal Rc5d6]} d5 (29... Nb5 {keeps more tension.} 30. g4 dxc5 31. Nxc5 Nd6 32. e5 fxe5 33. Qc3 Nb5) 30. exd5 Nxd5 31. Nc3 Bxh3 32. Bxh3 Rxh3 33. Nxd5 cxd5 34. Re2 Qf7 35. Qd4 {zielt auf Tde1 ab.} Rdh8 36. Qxd5 Rh1+ $1 37. Qxh1 Rxh1+ 38. Kxh1 $11 {[%mdl 4096] Endspiel KD-KTT} Qb3 39. Rd7+ Kh6 40. Ree7 {[%csl Gd7][%cal Re7h7] [#]} g4 $1 41. Rd6 (41. Rh7+ {with more complications.} Kg5 42. Rd4 Qb2 43. Rf4 Qd2 44. Kh2) 41... Qxb4 (41... f5 $1 $11) 42. Rxf6 $14 Qxc5 43. Ree6 Qd5+ 44. Kg1 Qd3 45. Rb6 Qe4 46. Rf4 Qd5 47. Rfb4 Qf3 48. Rxb7 Qd1+ 49. Kh2 Qf3 50. Rb2 $1 Kg5 51. R7b4 Qc3 52. R4b3 Qh8+ 53. Kg1 Qd4 54. Rb5+ Kh6 55. R2b4 Qd1+ 56. Kh2 $1 Qe2 57. Rb2 $1 {[%cal Rb2e2]} Qc4 58. Re5 Qd4 59. Rbe2 g5 60. Re6+ Kh5 61. Re7 (61. Re8 {looks sharper.} Kg6 62. Rg8+ Kf7 63. Rc8 Kg6 64. Rc6+) 61... Qd3 62. R7e3 (62. Re1 {seems wilder.} Qf3 63. Kg1 Qf5 64. R1e5 Qb1+ 65. Kg2) 62... Qd5 63. Rc2 Qf5 64. Rec3 Qe4 65. Rc4 Qd3 66. Rc7 Qf5 67. R7c5 Qd3 68. Rb2 Qd4 69. Rcc2 Qd3 70. Rd2 Qc3 71. Rbc2 Qf6 72. Rc5 Qf8 73. Ra5 Qf6 74. Kg1 Qc3 75. Rdd5 Qe1+ 76. Kg2 Qe4+ 77. Kh2 Qe7 78. Re5 Qf6 79. Rf5 {Droht stark Kg1.} Qe7 80. Rae5 Qd8 81. Rd5 Qe7 82. Rfe5 Qf6 83. Kg1 {Droht Kf1 und aus.} Kh6 84. Kf1 (84. Re1 $14) 84... Qa6+ ({Lieber} 84... Qf3 $1 $11) 85. Rb5 Qa1+ 86. Kg2 Qa8+ $1 87. Rbd5 Qg8 $1 88. Kf1 (88. Rd6+ {feels hotter.} Kh5 89. Rd7 Qc4 90. Rd1 Qc6+ 91. Kg1) 88... Qc8 $1 89. Rc5 Qa6+ 90. Rb5 Qa1+ $1 91. Kg2 (91. Re1 $1 $14 Qf6 92. Kg1) 91... Qc1 $2 {[%mdl 8192] [#]} (91... Qa8+ $11 92. Rbd5 Qg8) 92. Rbc5 $2 (92. Rbd5 $1 $18 {[%cal Rd5c5] Schwarz muss nun Tc5 beachten.} Kg6 93. Rc5 (93. Rxg5+ Qxg5 94. Rxg5+ Kxg5 $11)) 92... Qd2 $2 {[%mdl 8192]} (92... Qd1 $14 93. Rxg5 Qa4) 93. Red5 $18 {Weiß steht klar auf Gewinn.} Qe2 94. Rxg5 Qf3+ 95. Kg1 Qd1+ 96. Kh2 Qe2 97. Rgf5 Kg6 98. Rce5 (98. Rf4 $142 Kh6 99. Rc6+ Kh7 100. Rf7+ Kg8 101. Rcc7) 98... Qb2 99. Ra5 Qd2 100. Kg2 Qb4 101. Rfb5 Qe4+ 102. Kh2 {Tb6+ ist eine echte Drohung.} Qe6 103. Rb4 Qd7 104. Raa4 Qh7+ 105. Kg1 {Precision: Weiß = 68%, Schwarz = 63%.} 1-0

[Event "118th SUI-ch 2018"]
[Site "Lenzerheide"]
[Date "2018.07.15"]
[Round "4"]
[White "Georgiadis, Nico"]
[Black "Pelletier, Yannick"]
[Result "1/2-1/2"]
[WhiteElo "2526"]
[BlackElo "2551"]
[Annotator "TA"]
[PlyCount "67"]
[EventDate "2018.07.12"]
[EventType "tourn"]
[EventCountry "SUI"]
[SourceTitle "playchess.com"]
[Source "ChessBase"]
[SourceQuality "1"]

{[%evp 21,67,27,27,27,28,27,29,18,17,20,20,18,18,18,18,18,19,18,18,18,18,18,18,0,0,0,0,0,0,0,0,0,0,0,0,0,0,0,0,0,0,0,0,0,0,0,0,0]} 1. e4 e6 2. d4 d5 3. Nc3 Nf6 4. Bg5 dxe4 5. Nxe4 Nbd7 6. Nxf6+ Nxf6 7. Nf3 h6 8. Bh4 c5 9. c3 {C10: French with 3 Nc3: Unusual Black 3rd moves and 3...dxe4} (9. Bc4 cxd4 10. O-O Be7 11. Qe2 O-O 12. Rad1 Qb6 13. Ne5 Nd5 14. Bxe7 Nxe7 15. Rd3 Nf5 16. g4 Nh4 17. Qe4 f6 18. Rh3 fxe5 19. Rxh4 {0-1 (52) Adhiban,B (2671)-Baklan,V (2619) Monzon 2016}) 9... cxd4 10. Nxd4 Bc5 11. Bb5+ Bd7 {LiveBook: 6 Games} 12. Qe2 {[#] And now Bxf6 would win.} a6 13. Bxd7+ Qxd7 14. Bxf6 gxf6 {The position is equal.} 15. O-O-O O-O-O $146 ({Predecessor:} 15... Qe7 16. Nb3 Bb6 {½-½ (43) Liushnin,K (2313)-Laurenc,P (2429) ICCF email 2015}) 16. Nb3 Qc7 17. Nxc5 Qxc5 18. g3 Rd5 19. a4 Rhd8 20. Rxd5 Rxd5 $11 {[%mdl 4096] Endgame KQR-KQR} 21. Rd1 f5 22. Rxd5 (22. Rd2 {with more complications.} Kd7 23. Rxd5+ Qxd5 24. Qd2 Kc6 25. Qxh6 Qh1+ 26. Kc2) 22... Qxd5 {KQ-KQ} 23. h4 Qa2 24. Qh5 Qa1+ 25. Kc2 Qxa4+ 26. Kb1 Qe4+ 27. Ka1 Qa4+ 28. Kb1 Qe4+ 29. Ka1 f4 30. Qxh6 {[#] Qf8+ is the strong threat.} Qa4+ 31. Kb1 {Hoping for Qf8+.} Qd1+ 32. Ka2 Qa4+ 33. Kb1 {Threatens to win with Qf8+.} Qd1+ 34. Ka2 {Precision: White = 91%, Black = 94%.} 1/2-1/2